<?xml version="1.0" encoding="UTF-8"?>
<record
    xmlns:xsi="http://www.w3.org/2001/XMLSchema-instance"
    xsi:schemaLocation="http://www.loc.gov/MARC21/slim http://www.loc.gov/standards/marcxml/schema/MARC21slim.xsd"
    xmlns="http://www.loc.gov/MARC21/slim">

  <leader>01406nam a2200277 i 4500</leader>
  <controlfield tag="001">15938</controlfield>
  <controlfield tag="003">ES-MaACL</controlfield>
  <controlfield tag="005">20230906151212.0</controlfield>
  <controlfield tag="007">t|</controlfield>
  <controlfield tag="008">000525s2000    sp           |||| | spa d</controlfield>
  <datafield tag="020" ind1=" " ind2=" ">
    <subfield code="a">84-921168-6-2</subfield>
  </datafield>
  <datafield tag="080" ind1=" " ind2=" ">
    <subfield code="a">347(44)</subfield>
  </datafield>
  <datafield tag="080" ind1=" " ind2=" ">
    <subfield code="a">347(410)</subfield>
  </datafield>
  <datafield tag="100" ind1="1" ind2=" ">
    <subfield code="a">Poncelet, Fran&#xE7;ois Fr&#xE9;d&#xE9;ric.</subfield>
    <subfield code="9">92958</subfield>
  </datafield>
  <datafield tag="245" ind1="1" ind2="0">
    <subfield code="a">Introducci&#xF3;n hist&#xF3;rica al derecho civil franc&#xE9;s e ingl&#xE9;s / </subfield>
    <subfield code="c">Fran&#xE7;ois Fr&#xE9;d&#xE9;ric Poncelet, William Amos Scarborough Westoby ; traducciones y pr&#xF3;logo a cargo de Eduardo Pardo Unanua ; edici&#xF3;n, revisi&#xF3;n de la traducci&#xF3;n y notas adicionales a cargo de Mar&#xED;a Encarnaci&#xF3;n G&#xF3;mez Rojo.</subfield>
  </datafield>
  <datafield tag="260" ind1=" " ind2=" ">
    <subfield code="a">[M&#xE1;laga] : </subfield>
    <subfield code="b">C&#xE1;tedra de Historia del Derecho y de las Instituciones de la Facultad de Derecho de la Universidad de M&#xE1;laga, </subfield>
    <subfield code="c">[2000]</subfield>
  </datafield>
  <datafield tag="300" ind1=" " ind2=" ">
    <subfield code="a">185 p. ; </subfield>
    <subfield code="c">22 cm.</subfield>
  </datafield>
  <datafield tag="505" ind1="0" ind2=" ">
    <subfield code="a">Compendio de historia del derecho civil en Francia / Fran&#xE7;ois Fr&#xE9;d&#xE9;ric Poncelet. Resumen de legislaci&#xF3;n inglesa en materia civil / William Amos Scarborough Westoby</subfield>
  </datafield>
  <datafield tag="650" ind1=" " ind2=" ">
    <subfield code="a">Derecho civil-</subfield>
    <subfield code="z">Francia-</subfield>
    <subfield code="v">Historia.</subfield>
    <subfield code="9">11666</subfield>
  </datafield>
  <datafield tag="650" ind1="1" ind2="4">
    <subfield code="a">Derecho civil-</subfield>
    <subfield code="z">Gran Breta&#xF1;a.</subfield>
    <subfield code="9">11668</subfield>
  </datafield>
  <datafield tag="700" ind1="1" ind2=" ">
    <subfield code="a">Westoby, William Amos Scarborough.</subfield>
    <subfield code="9">116575</subfield>
  </datafield>
  <datafield tag="700" ind1="1" ind2=" ">
    <subfield code="a">Pardo Unanua, Eduardo.</subfield>
    <subfield code="9">89014</subfield>
  </datafield>
  <datafield tag="700" ind1="1" ind2=" ">
    <subfield code="a">G&#xF3;mez Rojo, Mar&#xED;a E.</subfield>
    <subfield code="9">58143</subfield>
  </datafield>
  <datafield tag="710" ind1="2" ind2=" ">
    <subfield code="a">Universidad de M&#xE1;laga. </subfield>
    <subfield code="b">C&#xE1;tedra de Historia del Derecho y de las Instituciones.</subfield>
    <subfield code="9">162592</subfield>
  </datafield>
  <datafield tag="852" ind1=" " ind2=" ">
    <subfield code="a">ES-MaACL</subfield>
    <subfield code="j">L-22876</subfield>
  </datafield>
  <datafield tag="999" ind1=" " ind2=" ">
    <subfield code="c">15938</subfield>
    <subfield code="d">15938</subfield>
  </datafield>
  <datafield tag="952" ind1=" " ind2=" ">
    <subfield code="0">0</subfield>
    <subfield code="1">0</subfield>
    <subfield code="4">0</subfield>
    <subfield code="7">0</subfield>
    <subfield code="a">ATENEOM</subfield>
    <subfield code="b">ATENEOM</subfield>
    <subfield code="c">DEPO2</subfield>
    <subfield code="d">2008-01-17</subfield>
    <subfield code="e">SC</subfield>
    <subfield code="l">0</subfield>
    <subfield code="o">L-22876</subfield>
    <subfield code="p">1016199</subfield>
    <subfield code="r">2023-02-23 00:00:00</subfield>
    <subfield code="w">2023-02-23</subfield>
    <subfield code="y">MONOGRAFIA</subfield>
  </datafield>
</record>
